000 00495nam a2200181Ia 4500
003 GCL
008 140319s9999 xx 000 0 eng d
040 _aGCL /
_cGCL
082 0 4 _a581
_bS L
100 1 _aSUGDEN, ANDREW
245 1 0 _aLONGMAN BOTANY HANDBOOK: THE ELEMENTS OF PLANT SCIENCE ILLUSTRATED AND DEFINED /
_cSUGDEN, ANDREW
260 _a[S.N] :
_bLONGMAN YORK PRESS ،
_c1992
300 _a192
650 0 4 _aCELLS
650 0 4 _aBOTANY
650 0 4 _aFLORAL PARTS
942 _2ddc
_cBK
999 _c21063
_d21063